000
00330nam a22001337a 4500
008
171221b xxu||||| |||| 00| 0 eng d
020
_a
1560550759
041
_a
eng
080
_a
517
100
_a
8
101
_a
OFT
245
_a
BASIC AND CLINIBAL SCIENCE COURSE UPDATE GENERAL MEDICINE
_c
BULLOCK.J.D
942
_2
udc
_c
BK
999
_c
39267
_d
39267